000 00668nam a2200265Ia 4500
005 20260121173649.0
008 008 260114s9999 xx 000 0 eng d
020 _a9789463002776
037 _aEBOOK
040 _aCRL
040 _beng
040 _cCRL
041 _2eng
041 _aeng
084 _qCRL
100 _aAli A Abdi Lynette Shultz Thashika Pillay
_91103664
245 0 _aDecolonizing Global Citizenship Education
260 _bSpringer
260 _bSpringer
260 _c2015
856 _uhttps://link.springer.com/openurl?genre=book&isbn=978-94-6300-277-6
942 _cEBOOK
999 _c1669412
_d1669412